000 00440nmm a2200157Ia 4500
008 251105s9999||||xx |||||||||||||||||und||
020 _a9789580613831
041 _aspa
100 _aVV. AA.
245 0 _aCaras de la reconciliación
264 _a[Bogotá, Colombia] :
_bOveja Negra,
_c2017
300 _a257 páginas
650 _aPolitical Science (General)
856 _uhttps://public.digitaliapublishing.com/a/54774
942 _cCF
999 _c95022
_d95022